00857nam a2200253 i 4500001000300000100003400003245005100037260004700088300003700135490002400172500011400196504001200310650001300322655003000335830002400365015001800389020001800407040000800425041000800433044000800441080001500449008004100464856009800505bg1 aBeksiak, Januszd(1929-2004).10aEkonomia :bkurs podstawowy /cJanusz Beksiak. aWarszawa :bWydawnictwo C. H. Beck,c2007. aXI, [1], 291 s. :bil. ;c24 cm.1 aAcademia Oeconomica aNa okł. podtyt.: wprowadzenie do ekonomii, mikroekonomia, makroekonomia, systemy gospodarcze i ich dynamika. aIndeks. 9aEkonomia aPodręczniki akademickie aAcademia Oeconomica aPB 22199/2007 a9788374836746 cBPK apol aPOL a330(075.8)071012s2007 pl a |001 0 pol  uhttp://koha.tu.koszalin.pl/cgi-bin/koha/opac-detail.pl?biblionumber=54867yKatalog online BPK